Statistics for Picture to a country medium

Click here to take the quiz!

General Stats

  • This quiz has been taken 9 times
  • The average score is 10 of 26

Answer Stats

Answer% Correct
Australia
100%
Italy
100%
Cuba
86%
France
86%
North korea
57%
Egypt
43%
Finland
43%
Peru
43%
Poland
43%
Thailand
43%
United states of america
43%
Chile
29%
Japan
29%
Moroco
29%
Mumbai
29%
Oman
29%
Uzbekistan
29%
Vatican city
29%
Zimbabwe
29%
Barbados
14%
Indonesia
14%
Israel / Palestine
14%
Panama
14%
South korea
14%
Taiwan
14%
Tonga
14%

Score Distribution

Percentile by Number Answered

Percent of People with Each Score

Your Score History

You have not taken this quiz